| 000 | 00699nam a2200253Ia 4500 | ||
|---|---|---|---|
| 003 | OSt | ||
| 005 | 20221005130553.0 | ||
| 006 | a|||||r|||| 00| 0 | ||
| 007 | ta | ||
| 008 | 221004b |||||||| |||| 00| 0 eng d | ||
| 024 | _a70388 | ||
| 037 | _cTextual | ||
| 040 |
_aCRL _cCRL _beng |
||
| 041 |
_2eng _aeng |
||
| 082 | _aY1:1.52.C, 122K7 | ||
| 100 |
_aAymard Andre _9633487 |
||
| 245 | 0 | _aRome et son empire | |
| 260 | _c1967 | ||
| 490 | _aHistoire generale des civilizations ed by Maurice Crouzet; 2 | ||
| 650 | _aSOCIOLOGY | ||
| 700 |
_a Audoyer Jeannine _9638318 |
||
| 942 |
_hY1:1.52.C, 122K7 _cTEXL _2cc |
||
| 999 |
_c1057672 _d1057672 |
||